LEADER 00836nam0-22003011i-450 001 990001659450403321 005 20190612131830.0 010 $a88-206-2644-6 035 $a000165945 035 $aFED01000165945 035 $a(Aleph)000165945FED01 035 $a000165945 100 $a20030910d1985----km-y0itay50------ba 101 0 $aita 200 1 $aRododendri e azalee$fPier Luigi Ghisleni, Bruno Caraffini 210 $aBologna$cEdagricole$d1985 215 $aVII, 204 p.$d21 cm 610 0 $aRhododendron 676 $a635.933 62 700 1$aGhisleni,$bPier Luigi$071227 701 1$aCaraffini,$bBruno$0353971 801 0$aIT$bUNINA$gRICA$2UNIMARC 901 $aBK 912 $a990001659450403321 952 $a60 635.933 GHIP 1985$b163$fFAGBC 959 $aFAGBC 996 $aRododendri e azalee$9372697 997 $aUNINA LEADER 01866nam0 22004453i 450 001 VAN00290914 005 20250624102442.458 017 70$2N$a9789401706087 100 $a20250407d1993 |0itac50 ba 101 $aeng 102 $aNL 105 $a|||| ||||| 181 $ai$b e 182 $ab 183 $acr 200 1 $aAbsolute Stability of Nonlinear Control Systems$fXiaoxin Liao 210 $aDordrecht$cSpringer$cKluwer$d1993 215 $axi, 178 p.$cill.$d24 cm 410 1$1001VAN00046994$12001 $aMathematics and its applications. Chinese Series$1210 $aDordrecht$cKluwer$v5 606 $a93-XX$xSystems theory; control [MSC 2020]$3VANC027040$2MF 606 $a93C10$xNonlinear systems in control theory [MSC 2020]$3VANC029009$2MF 606 $a93D10$xPopov-type stability of feedback systems [MSC 2020]$3VANC023334$2MF 610 $aAlgebra$9KW:K 610 $aBoundary Element Methods$9KW:K 610 $aDifferential equations$9KW:K 610 $aStability$9KW:K 610 $aStability theory$9KW:K 620 $aNL$dDordrecht$3VANL000068 700 1$aLiao$bXiaoxin$3VANV246143$0522937 712 $aKluwer $3VANV108116$4650 712 $aSpringer $3VANV108073$4650 790 1$aLiao, Xiao Xin$zLiao, Xiaoxin$3VANV246144 801 $aIT$bSOL$c20250627$gRICA 856 4 $uhttps://doi.org/10.1007/978-94-017-0608-7$zE-book ? Accesso al full-text attraverso riconoscimento IP di Ateneo, proxy e/o Shibboleth 899 $aBIBLIOTECA DEL DIPARTIMENTO DI MATEMATICA E FISICA$1IT-CE0120$2VAN08 912 $fN 912 $aVAN00290914 950 $aBIBLIOTECA DEL DIPARTIMENTO DI MATEMATICA E FISICA$d08DLOAD e-Book 11366 $e08eMF11366 20250611 996 $aAbsolute Stability of Nonlinear Control Systems$94350484 997 $aUNICAMPANIA